Alternativas de control químico para un biotipo maleza de Brassica napus resistente a glifosato /

Guardado en:
Autor Principal: Kirzner, Andrés Ian.
Autor Corporativo: Universidad Nacional del Sur. Departamento de Agronomía.
Otros Autores: Presotto, Alejandro, (tutor.)
Formato: Libro
Idioma:Undetermined
Publicado: Bahía Blanca, 2014.
Etiquetas: Agregar Etiqueta
Sin Etiquetas, Sea el primero en etiquetar este registro!
LEADER 00750nam a22001695a 4500
001 EEA.libagro010141
005 20160923093415.0
008 140403s2014####ag############000#0#und#d
082 0 4 |a 633.853958 
100 1 |a Kirzner, Andrés Ian. 
245 1 0 |a Alternativas de control químico para un biotipo maleza de Brassica napus resistente a glifosato /  |c Andrés Ian Kirzner. 
260 |a Bahía Blanca,  |c 2014. 
300 |a 34 h. :  |b il., fot. col. ;  |c 30 cm. 
500 |a Trabajo de intensificación (Ingeniero Agrónomo) -- Universidad Nacional del Sur. Departamento de Agronomía, 2014. 
700 1 |a Presotto, Alejandro,  |e tutor. 
710 2 |a Universidad Nacional del Sur.  |b Departamento de Agronomía. 
859 |a AR-BbBCA  |b BIB. AGRONOMIA  |h 633.853958  |i K61  |p 2014/6445